Koncept prípravy študentov vysokých škôl na celostnú manažérsku spôsobilosť

Súčasný pohľad na manažérsku spôsobilosť. Model celostnej osobnej, pracovnej a manažérskej spôsobilosti. Pravidlá pre výučbu, samoštúdia, manažérskych projektov a ohodnocovania výsledkov štúdia.

Salvato in:
Dettagli Bibliografici
Autore principale: Porvazník, Ján
Natura: Capitolo di libro
Lingua:slovacco
Soggetti:
Tags: Aggiungi Tag
Nessun Tag, puoi essere il primo ad aggiungerne!!

MARC

LEADER 00000naa a2200000 4500
001 0166457
005 20240502072911.1
041 0 |a slo 
044 |a SK 
245 1 0 |a Koncept prípravy študentov vysokých škôl na celostnú manažérsku spôsobilosť  |c Ján Porvazník 
520 |a Súčasný pohľad na manažérsku spôsobilosť. Model celostnej osobnej, pracovnej a manažérskej spôsobilosti. Pravidlá pre výučbu, samoštúdia, manažérskych projektov a ohodnocovania výsledkov štúdia. 
610 2 0 |a manažment 
610 2 0 |a spôsobilosť k práci 
610 2 0 |a študenti 
610 2 0 |a školy vysoké 
610 2 0 |a výučba vedecká 
100 1 |a Porvazník, Ján